00766nam a22001817a 4500008004100000020002200041050002100063100002700084245010300111260002900214300002500243500006100268650005200329650005600381942001200437952011800449999001700567130321t xxu||||| |||| 00| 0 eng d a978-607-406-372-1 aKGF9624 M48 2012 aMéxico [Leyes, etc.] aFisco agenda 2012: compendio de loeyes, reglamentos y otras disposiciones conexas sobre la materia aMéxicob: ISEFc, 2012 aPag. variac; 15 cm. aPlan flexible Derecho / Derechos humanos B11 / 08 004509 21. Impuestos - Leyes y legislación - México 22. Impuestos sobre la renta - Leyes y legislación 2lcccLB 00102lcc4070a08b08d2013-03-21l4m2oKGF4624 M84 2012p08 004480r2017-03-09s2017-02-16t1w2013-03-21yLB c89288d89288